000 00617nam a2200217Ia 4500
005 20250923145618.0
008 008 250917s9999 xx 000 0 eng d
037 _aTextual
040 _aDSWL
_beng
_cDSWL
041 _aeng
_2eng
084 _aX:8k, N83
_qDSWL
100 _aJohannsen, H.
_9837160
245 0 _aInternational dictionary of management
_c by H. Johannsen
260 _aNew Dehli
_bDelhi Vision Books P. Ltd.
_c1983
300 _a389 p.
365 _aINR
_b112.50
700 _a G.T. Page
_9837161
925 _g112.50
942 _cTEXL
_hX:8k, N83
999 _c1453456
_d1453456